Biggest Cities in Latin America (2026) - Statistics

General Stats
  • This quiz has been taken 58 times
    57 since last reset
  • The average score is 15 of 20
Answer Stats
Population (2026) City % Correct
16.36 million Buenos Aires
98%
14.02 million Rio de Janeiro
98%
13.93 million Bogotá
96%
34.5 million São Paulo
96%
11.28 million Lima
94%
30.22 million Mexico City
94%
5.34 million Caracas
92%
7.40 million Santiago
92%
3.73 million Medellín
88%
4.08 million Brasília
85%
5.49 million Guadalajara
77%
5.27 million Monterrey
75%
6.19 million Belo Horizonte
67%
4.17 million Fortaleza
67%
3.94 million Salvador
67%
4.62 million Porto Alegre
60%
3.55 million Recife
60%
5.96 million Curitiba
48%
4.16 million Maracaibo
33%
3.65 million Campinas
23%
No matching quizzes found
Score Distribution
Percent of People with Each Score
Percentile by Number Answered
Your Score History
You have not taken this quiz since the last reset